| 000 | 00663nam a2200241Ia 4500 | ||
|---|---|---|---|
| 003 | OSt | ||
| 005 | 20220923213738.0 | ||
| 006 | a|||||r|||| 00| 0 | ||
| 007 | ta | ||
| 008 | 220922b |||||||| |||| 00| 0 hin d | ||
| 024 | _a164,322 | ||
| 037 | _cTextual | ||
| 040 |
_aARTS _cARTS _bhin |
||
| 041 |
_2hin _ahin |
||
| 082 | _aO152:1M89:9, J0(TTPH) | ||
| 100 |
_aगुलाबराय _9156277 |
||
| 245 | 0 | _aप्रसाद की कला, | |
| 246 | _aPrasād kī kalā, | ||
| 250 | _aसंस्क0 3 | ||
| 260 | _c1950 | ||
| 942 |
_hO152:1M89:9, J0(TTPH) _cTEXL _2CC |
||
| 999 |
_c318802 _d318802 |
||